| 000 | 00000nam##2200000za#4500 |
| 001 | 9.696187 |
| 003 | CaOODSP |
| 005 | 20210927150503 |
| 007 | cr ||||||||||| |
| 008 | 150407|2010||||xxc|||||o f|0| 0 eng|d |
| 040 | |aCaOODSP|beng |
| 043 | |an-cn--- |
| 086 | 1 |aR5-8/2010E-PDF |
| 110 | 1 |aCanada. |bIndian and Northern Affairs Canada. |
| 245 | 10|aImpact evaluation of contributions to Indian bands for land management on reserve |h[electronic resource] |
| 260 | |bIndian and Northern Affairs |cSeptember 2010, 2012. |
| 300 | |a87, 6p.|bfig., graph, references, tables |
| 500 | |aUpdated to include "Action plan implementation status update : report to the Evaluation, Performance Measurement and Review Committee - as of March 31, 2012". |
| 590 | |a12-21-Supp|b2012-05-18 |
| 590 | |a15-05-Supp|b2015-03-31 |
| 690 | 07|aIndigenous peoples|2gcpds |
| 690 | 07|aIndigenous reserves|2gcpds |
| 690 | 07|aLand management|2gcpds |
| 775 | 08|tÉvaluation de l'incidence des contributions aux bandes indiennes pour la gestion des terres dans les réserves |w(CaOODSP)9.640306 |
| 856 | 40|ahttp://publications.gc.ca|qPDF|s479 KB|uhttps://publications.gc.ca/collections/collection_2012/ainc-inac/R5-8-2010-eng.pdf |
| 856 | 40|ahttp://publications.gc.ca|qPDF|s47 KB|uhttps://publications.gc.ca/collections/collection_2015/aadnc-aandc/R5-8-2010-1-eng.pdf |
| 986 | |aProject number : 09068 |